00579 2200193 4500001002100000005001500021007000300036008003900039022001300078035002000091082001000111084001600121100001800137245011000155260005300265300004200318650001100360650001400371INLIS00000000000098920240919102731ta240919 | | |  a17551315 a0010-0924000067 a633.1 a633.1 AGU v0 aAgung Gunawan1 aVegetative growth response of upland rice to Actinomycetes, Azospirillum and Azotobacter /cAgung Gunawan aUnited Kingdom, Bristol :bIOP Publishing,c2021 a1-11 hlm, :bilus, ;c21 cm X 29,5 cm 4aJurnal 4aPadi Gogo